Bèlgica : els efectes del procés de federalització sobre el govern local / Mariona Tomàs Fornés els efectes del procés de federalització sobre el govern local / Mariona Tomàs Fornés
ISBN:
84-7794-910-7
Publicado:
Barcelona :
ICPS, Institut de Ciències Polítiques i Socials : Diputació de Barcelona, Xarxa de Municipis ,
2003
Descripción Física:
40 p. : gràfics, quadres ; 24 cm
Colección:
Món local ; 7
MARC
| LEADER | 00000nam a2200000Ia 4500 | ||
|---|---|---|---|
| 001 | 15807 | ||
| 008 | 160829s2003 xx 000 0 cat d | ||
| 020 | |a 84-7794-910-7 | ||
| 080 | |a FU-39-43 | ||
| 100 | |a Tomàs Fornés, Mariona |9 39241 | ||
| 245 | |a Bèlgica : |b els efectes del procés de federalització sobre el govern local / Mariona Tomàs Fornés | ||
| 260 | |a Barcelona : |b ICPS, Institut de Ciències Polítiques i Socials : |b Diputació de Barcelona, Xarxa de Municipis, |c 2003 | ||
| 300 | |a 40 p. : |b gràfics, quadres ; |c 24 cm | ||
| 490 | |a Món local ; 7 | ||
| 590 | |a Bibliografia. | ||
| 590 | |a A la part superior de la coberta: Flor de Maig, Centre per a la Innovació Local. | ||
| 650 | 0 | |a Federalisme |z Bèlgica |9 6919 | |
| 650 | |a Bèlgica |x Política i govern |9 37375 | ||
| 650 | |a Administració local |x Bèlgica |9 37376 | ||
| 710 | |a Flor de Maig |9 54173 | ||
| 710 | 1 | |a Barcelona (Catalunya : Província). |b Diputació |9 52408 | |
| 710 | 2 | |a Centre per a la Innovació Local |9 54171 | |
| 710 | 2 | |a Institut de Ciències Polítiques i Socials (Barcelona, Catalunya) |9 55871 | |
| 901 | |a Arxiu | ||
| 942 | |n 1 | ||
| 952 | |0 0 |1 0 |4 0 |6 FU3943 |7 1 |9 47830 |a Arxiu |b Arxiu |d 2016-12-01 |l 0 |o FU-39-43 |p 15807 |r 2016-12-01 00:00:00 |w 2016-12-01 |y ARXIU | ||
| 999 | |c 51629 |d 51629 | ||